| 000 | 00814nam a2200229 a 4500 | ||
|---|---|---|---|
| 001 | 000046391 | ||
| 005 | 20251120073733.0 | ||
| 008 | 150806s1998 dr 000 0 spa d | ||
| 020 | _a8498548455 | ||
| 040 |
_aDO-SdBNP _bspa _cBNPHU |
||
| 082 |
_a320.97293 _bM843s |
||
| 100 | 1 |
_aMoreno, Guillermo _931108 |
|
| 245 | 1 | 0 |
_aSubvertir la política / _cGuillermo Moreno ; presentación Ramonina Brea del Castillo. |
| 260 |
_aSanto Domingo : _bPUCMM, _c1998. |
||
| 300 |
_a44 p. ; _c23 cm. |
||
| 490 | 0 |
_aEducación ciudadana _v11 |
|
| 500 | _aIncluye notas a pie de páginas | ||
| 590 | _aPerteneció a la biblioteca personal de Chiqui Vicioso/Fidelio Despradel | ||
| 700 | 1 | 2 |
_aBrea, Ramonina _98319 |
| 710 | 2 |
_aPontificia Universidad Católica Madre y Maestra _9843 |
|
| 830 | 0 |
_aEducación ciudadana _n11 _974419 |
|
| 999 |
_c45880 _d45880 |
||